000 00362nam a22001337a 4500
005 20250901165809.0
008 250320b |||||||| |||| 00| 0 eng d
020 _a9789966315755
050 _aPL 8704 .M63 2016
245 _aMpenzi Runinga na Hadithi Nyingine
_cSaid A. Mohamed
260 _aNairobi:
_bLonghorn,
_c2016.
300 _a192 p.:
_c21 cm.
942 _2lcc
999 _c9345
_d9345